Economía con responsabilidad : (Registro nro. 3604)

Detalles MARC
000 -LEADER
fixed length control field 01425nam a2200301Ia 4500
003 - CONTROL NUMBER IDENTIFIER
control field OSt
005 - DATE AND TIME OF LATEST TRANSACTION
control field 20200716190507.0
008 - FIXED-LENGTH DATA ELEMENTS--GENERAL INFORMATION
fixed length control field 191128s2002 ck ad fr 000 0 spa d
020 ## - INTERNATIONAL STANDARD BOOK NUMBER
International Standard Book Number 9586824055
040 ## - CATALOGING SOURCE
Original cataloging agency CO-JMCR
Transcribing agency CO-JMCR
041 0# - LANGUAGE CODE
Language code of text/sound track or separate title spa
082 04 - DEWEY DECIMAL CLASSIFICATION NUMBER
Classification number 338.98 /
Item number P293e
Edition number 23
100 1# - MAIN ENTRY--PERSONAL NAME
Personal name Pastrana Arango, Andrés,
Relator term autor
9 (RLIN) 7459
245 10 - TITLE STATEMENT
Title Economía con responsabilidad :
Remainder of title la política del gobierno de Andrés Pastrana A. /
Statement of responsibility, etc. Andrés Pastrana A., Mauricio Cárdenas S. y Juan Carlos Echeverry G.
250 ## - EDITION STATEMENT
Edition statement Primera edición
260 ## - PUBLICATION, DISTRIBUTION, ETC.
Place of publication, distribution, etc. Bogotá :
Name of publisher, distributor, etc. Alfaomega,
Date of publication, distribution, etc. 2002
300 ## - PHYSICAL DESCRIPTION
Extent 86 páginas :
Other physical details gráficas ;
Dimensions 21 cm.
490 0# - SERIES STATEMENT
Series statement Libros de cambio
504 ## - BIBLIOGRAPHY, ETC. NOTE
Bibliography, etc. note Bibliografía:
505 0# - FORMATTED CONTENTS NOTE
Formatted contents note La nación y la no-nación: una moneda con dos caras -- La visión del desarrollo de la administración Pastrana Arango -- Reflexiones sobre crecimiento y bienestar en Colombia
520 3# - SUMMARY, ETC.
Summary, etc. Los tres documentos que recoge esta publicación explican los fundamentos de la política económica y el principio de responsabilidad desarrollados entre los años 1998 y 2002, durante la administración de Andrés Pastrana Arango.
650 14 - SUBJECT ADDED ENTRY--TOPICAL TERM
Topical term or geographic name entry element Economía colombiana
9 (RLIN) 7460
650 14 - SUBJECT ADDED ENTRY--TOPICAL TERM
Topical term or geographic name entry element Política y gobierno
Geographic subdivision Colombia
9 (RLIN) 7461
650 14 - SUBJECT ADDED ENTRY--TOPICAL TERM
Topical term or geographic name entry element Condiciones económicas
Geographic subdivision Colombia
9 (RLIN) 6839
700 1# - ADDED ENTRY--PERSONAL NAME
Personal name Cárdenas S., Mauricio,
Relator term autor
9 (RLIN) 6536
700 1# - ADDED ENTRY--PERSONAL NAME
Personal name Echeverry G., Juan Carlos,
Relator term autor
9 (RLIN) 7462
942 ## - ADDED ENTRY ELEMENTS (KOHA)
Source of classification or shelving scheme Dewey Decimal Classification
Koha item type Books
Existencias
Withdrawn status Lost status Source of classification or shelving scheme Damaged status Not for loan Collection code Home library Current library Date acquired Source of acquisition Full call number Barcode Date last seen Copy number Koha item type
    Dewey Decimal Classification     Non-fiction Biblioteca Pública José María del Castillo y Rada Biblioteca Pública José María del Castillo y Rada 04/11/2018 Donación 338.98 / P293e 201807474 05/16/2024 Ej.1 Books